[Event "Titled Tue 1st Jul Late"]
[Site "chess.com INT"]
[Date "2025.07.01"]
[Round "3"]
[White "Donoso Aguirre, Maximiliano"]
[Black "Manvelyan, Mikayel"]
[Result "1/2-1/2"]
[WhiteTitle "CM"]
[BlackTitle "FM"]
[WhiteElo "2050"]
[BlackElo "2362"]
[WhiteFideId "3458920"]
[BlackFideId "13310143"]
[EventDate "2025.07.01"]

1. e4 c5 2. c3 Nf6 3. e5 Nd5 4. Nf3 Nc6 5. Bc4 Nb6 6. Bb3 d5 7. exd6 e6 8. d4
cxd4 9. Nxd4 Nxd4 10. Qxd4 Qxd6 11. Be3 Bd7 12. Nd2 Bc6 13. Qxd6 Bxd6 14. O-O
Nd5 15. Bd4 Nf4 16. f3 Ne2+ 17. Kf2 Nxd4 18. cxd4 O-O-O 19. Nc4 Bc7 20. Rfd1 Bd5
21. Rac1 Kb8 22. Rc3 f6 23. Ne3 Bxb3 24. Rxb3 Bb6 25. Rbd3 Rc8 26. Ke2 Rhd8 27.
d5 exd5 28. Nxd5 Re8+ 29. Kf1 Bc5 30. Nc3 Bb4 31. Nd5 Bf8 32. Nc3 Bb4 33. Nd5
Bc5 34. Nc3 Re7 35. Rd7 Rce8 36. Rxe7 Rxe7 37. Ne4 Bb6 38. Rc1 Rd7 39. Ke2 f5
40. Nc3 Re7+ 41. Kd3 Re3+ 42. Kd2 Re5 43. Re1 Rxe1 44. Kxe1 Ba5 45. Kd2 Kc7 46.
Kd3 Kc6 47. Ne2 Bb6 48. Nd4+ Bxd4 49. Kxd4 Kd6 50. f4 g6 51. g3 b6 52. a4 a6 53.
b4 Ke6 54. Kc4 Kd6 55. b5 a5 56. Kd4 Ke6 57. Kc4 h6 58. h4 Kd6 59. Kd4 Ke6 60.
Kc4 Kd6 61. Kd4 Ke6 62. Kc4 1/2-1/2

[Event "Titled Tue 1st Jul Late"]
[Site "chess.com INT"]
[Date "2025.07.01"]
[Round "3"]
[White "Yazici, Ugur Doga"]
[Black "Kurpiewski, Slawomir"]
[Result "1-0"]
[WhiteTitle "CM"]
[BlackTitle "CM"]
[WhiteElo "2161"]
[BlackElo "1973"]
[WhiteFideId "6363342"]
[BlackFideId "1114530"]
[EventDate "2025.07.01"]

1. d4 f5 2. Bg5 g6 3. Nc3 d5 4. e3 Bg7 5. h4 h6 6. Bf4 c6 7. Nf3 Nd7 8. Bd3 e6
9. Ne2 Ngf6 10. Bd6 Ng4 11. Nf4 Kf7 12. h5 g5 13. Ng6 Re8 14. c4 Qa5+ 15. b4 Qa3
16. Qb3 Qxb3 17. axb3 Bf8 18. Nxf8 Nxf8 19. Ke2 Nd7 20. b5 Ndf6 21. bxc6 bxc6
22. Ra5 Rd8 23. c5 Ne4 24. Bxe4 fxe4 25. Ne5+ Nxe5 26. dxe5 Rd7 27. Kd2 Rb7 28.
Kc3 Bd7 29. f3 exf3 30. gxf3 Rb5 31. Rxb5 cxb5 32. b4 a5 33. bxa5 Rxa5 34. Rb1
Ra3+ 35. Rb3 Ra2 36. Kb4 Bc6 37. Ra3 Rxa3 38. Kxa3 Ke8 39. Kb4 Kd7 40. Bf8 Kc8
41. Bxh6 Be8 42. Bxg5 Bxh5 43. f4 Be2 44. Bh4 Kd7 45. Be1 Kc6 46. Bc3 Bd3 47.
Bd4 Bf5 48. Kc3 Be4 49. Kd2 Bf5 50. Ke2 b4 51. Kd2 Kb5 52. Kc1 Bg6 53. Kb2 Be8
54. Kc2 Bh5 55. Kd2 Bg6 56. Ke2 Be8 57. Kf3 Kc4 58. Kg3 b3 59. Kg4 Kd3 60. f5
Bd7 61. f6 Be8 62. c6 Bxc6 63. f7 Bb5 64. f8=Q Bc4 65. Qb4 Ke2 66. Qc3 Kd1 67.
Kg5 Ke2 68. Kf6 Kd1 69. Kxe6 Ke2 70. Kd6 Kd1 71. e6 Ke2 72. e7 Kd1 73. e8=Q Ke2
74. Qh5+ Kf1 75. Qc1+ Kg2 76. Qg4+ Kh2 77. Qcg1# 1-0

[Event "Titled Tue 1st Jul Late"]
[Site "chess.com INT"]
[Date "2025.07.01"]
[Round "3"]
[White "Hofstadler, Mario"]
[Black "Demchenko, Yaroslav"]
[Result "0-1"]
[WhiteTitle "CM"]
[BlackTitle "CM"]
[WhiteElo "2172"]
[BlackElo "2263"]
[WhiteFideId "1660497"]
[BlackFideId "14186667"]
[EventDate "2025.07.01"]

1. e4 e6 2. Nf3 c5 3. g3 Nc6 4. Bg2 d6 5. O-O Nf6 6. d3 Be7 7. h3 O-O 8. c3 b6
9. e5 Nd7 10. exd6 Bxd6 11. Nbd2 Bb7 12. Qc2 Nf6 13. Rd1 Qc7 14. Ne4 Be7 15. Bf4
e5 16. Bg5 Nd5 17. Bxe7 Qxe7 18. Re1 Rad8 19. Rad1 Rfe8 20. Ned2 f5 21. Nh2 Qf7
22. a3 a5 23. Qb3 Ba6 24. Nc4 b5 25. Ne3 c4 26. Qc2 Nxe3 27. Rxe3 Qc7 28. Ree1
cxd3 29. Rxd3 e4 30. Rxd8 Rxd8 31. Bf1 Ne5 32. Qb3+ Qf7 33. Qxf7+ Kxf7 34. a4
Rb8 35. Ra1 Rb6 36. axb5 Bxb5 37. Rxa5 Bxf1 38. Kxf1 Nd3 39. Rxf5+ Ke6 40. Rg5
Rxb2 41. Rxg7 Rxf2+ 42. Kg1 Rc2 43. Rxh7 e3 44. Rh8 Rc1+ 45. Kg2 Ne1+ 46. Kf1
Nf3+ 47. Ke2 Nxh2 48. Kxe3 Rxc3+ 49. Kf2 Rc2+ 50. Ke3 Nf1+ 51. Kf3 Rc3+ 52. Ke2
Nxg3+ 53. Kf2 Ne4+ 54. Ke2 Kf5 55. Rf8+ Nf6 56. Ra8 Rxh3 57. Kd2 Ke5 58. Rd8 Nd5
59. Ke2 Kd4 60. Kd2 Rh2+ 61. Ke1 Kc4 62. Kf1 Kd4 63. Ke1 Ke4 64. Kf1 Kf3 65. Ke1
Re2+ 66. Kd1 Nc3+ 67. Kc1 Ke3 68. Rd7 Ne4 69. Rd8 Rh2 70. Kd1 Nf6 71. Kc1 Ng4
72. Rd7 Nf2 0-1

[Event "Titled Tue 1st Jul Late"]
[Site "chess.com INT"]
[Date "2025.07.01"]
[Round "3"]
[White "Krishnan, Varun"]
[Black "Ahmad, Al Khatib"]
[Result "1-0"]
[WhiteTitle "IM"]
[BlackTitle "GM"]
[WhiteElo "2370"]
[BlackElo "2172"]
[WhiteFideId "5054508"]
[BlackFideId "8103178"]
[EventDate "2025.07.01"]

1. e4 d6 2. d4 Nf6 3. Nc3 e5 4. Nf3 Nbd7 5. Rg1 c6 6. g4 h6 7. h4 Be7 8. g5 hxg5
9. hxg5 Nh5 10. Be3 Nf4 11. Qd2 g6 12. O-O-O Qa5 13. Bxf4 exf4 14. Qxf4 b5 15.
Kb1 Nb6 16. d5 b4 17. Ne2 cxd5 18. Ned4 dxe4 19. Bb5+ Bd7 20. Bxd7+ Nxd7 21.
Qxe4 d5 22. Qxe7+ Kxe7 23. Nc6+ Kd6 24. Nxa5 Rae8 25. Nb3 Re2 26. Rd2 Re4 27.
Nbd4 Nc5 28. b3 a6 29. Rdd1 Rf4 30. Rh1 Rxh1 31. Rxh1 Ne4 32. Rh4 Rxh4 33. Nxh4
Nxg5 34. f4 Nh3 35. Ng2 f6 36. Kc1 g5 37. fxg5 fxg5 38. Kd2 Nf2 39. Ke3 Ne4 40.
Ne1 Nc3 41. Nef3 g4 42. Nh2 g3 43. Nf5+ Kc5 44. Nxg3 Nxa2 45. Nf3 Nc3 46. Ne2
Nd1+ 47. Kd2 Nf2 48. Ned4 Ne4+ 49. Ke3 Nc3 50. Ne6+ Kd6 51. Nd8 a5 52. Nd4 a4
53. bxa4 Nxa4 54. N8c6 Kc5 55. Na5 Nb6 56. Nab3+ Kc4 57. Kd2 Na4 58. Nc6 Nc3 59.
Ne5+ Kb5 60. Nf3 Kc4 61. Ne5+ Kb5 62. Nd3 Kc4 63. Nb2+ Kb5 64. Kd3 Na2 65. Nd1
Kc6 66. Kd4 Kd6 67. Ke3 Ke5 68. Kd3 Kd6 69. Kd4 Kc6 70. Ke5 Nc3 71. Nxc3 bxc3
72. Kd4 Kd6 73. Kxc3 Ke5 74. Kd3 Kd6 75. Kd4 Kc6 76. Nc1 Kd6 77. Nd3 Kc6 78.
Nb4+ Kb5 79. Nxd5 Kc6 80. c4 Kd6 81. c5+ Kd7 82. Nb4 Kc7 83. Kd5 Kd7 84. c6+ Kc7
85. Nd3 Kb6 86. Nc5 Kc7 87. Ne6+ Kc8 88. Kd6 Kb8 89. Kd7 Ka8 90. c7 Ka7 91. c8=Q
Kb6 92. Qc5+ Kb7 93. Qb4+ Ka6 94. Kc7 Ka7 95. Qb7# 1-0

[Event "Titled Tue 1st Jul Late"]
[Site "chess.com INT"]
[Date "2025.07.01"]
[Round "3"]
[White "Haug, Havard"]
[Black "Moussard, Jules"]
[Result "0-1"]
[WhiteTitle "FM"]
[BlackTitle "GM"]
[WhiteElo "2354"]
[BlackElo "2597"]
[WhiteFideId "1547887"]
[BlackFideId "642908"]
[EventDate "2025.07.01"]

1. e4 c5 2. c3 Qa5 3. Nf3 d6 4. Be2 Nf6 5. e5 dxe5 6. Nxe5 e6 7. O-O Be7 8. d4
O-O 9. Qb3 cxd4 10. cxd4 Nc6 11. Nxc6 bxc6 12. Nc3 Ba6 13. Bxa6 Qxa6 14. Bg5
Rab8 15. Qc2 Qb6 16. Bxf6 Bxf6 17. Na4 Qxd4 18. Qxc6 Rfd8 19. g3 h5 20. b3 h4
21. Rac1 h3 22. Qf3 Qd2 23. Qh5 Rd5 24. Qxh3 Qxa2 25. Nc5 Rf5 26. Rc4 Be7 27.
Ra4 Qe2 28. Ne4 Rxb3 29. Qg2 a5 30. Rd4 Rb4 31. Rxb4 Bxb4 32. f4 Qxg2+ 33. Kxg2
a4 34. Rc1 a3 35. Rc8+ Bf8 36. Ra8 Rb5 37. Nd6 Rb2+ 38. Kf3 Rxh2 39. Nc4 g6 40.
Ne5 Kg7 41. Ra7 a2 42. Rxf7+ Kg8 43. Ra7 Bc5 44. Ra8+ Kg7 45. Ng4 Rd2 46. Ke4
Bd4 47. Rxa2 Rxa2 48. Kxd4 Rg2 49. Ne5 Rxg3 50. Ke4 Rg1 51. Nd7 Re1+ 52. Kf3 Rd1
53. Ne5 Rd5 54. Ke4 Ra5 55. Ng4 Kf7 56. Ne5+ Kf6 57. Ng4+ Kg7 58. Ne5 Ra4+ 59.
Kf3 Kh6 60. Kg4 Rb4 61. Nf7+ Kg7 62. Ne5 Kf6 63. Nd7+ Kg7 64. Ne5 Rb1 65. Kf3
Rg1 66. Ke4 g5 67. Nf3 Ra1 68. Nxg5 Kf6 69. Ke3 Ra4 70. Ne4+ Kf5 71. Nd6+ Kg4
72. Nf7 Rxf4 73. Nd8 Rf1 74. Ke4 Re1+ 75. Kd4 Kf4 76. Nf7 e5+ 77. Kd3 e4+ 78.
Kd2 Ra1 79. Nd6 Ra2+ 80. Ke1 Kf3 81. Nc4 Ra1+ 82. Kd2 Ra2+ 83. Ke1 e3 84. Ne5+
Ke4 85. Nc4 Kd4 86. Nd6 Kd3 87. Kf1 Ra1+ 0-1

[Event "Titled Tue 1st Jul Late"]
[Site "chess.com INT"]
[Date "2025.07.01"]
[Round "3"]
[White "Nihal, Sarin"]
[Black "Cieslak, Patryk"]
[Result "1/2-1/2"]
[WhiteTitle "GM"]
[BlackTitle "FM"]
[WhiteElo "2696"]
[BlackElo "2442"]
[WhiteFideId "25092340"]
[BlackFideId "21078882"]
[EventDate "2025.07.01"]

1. e4 e5 2. Nf3 Nc6 3. Nc3 Nf6 4. d4 exd4 5. Nxd4 Bb4 6. Nxc6 bxc6 7. Bd3 d5 8.
exd5 O-O 9. O-O Bg4 10. f3 Bh5 11. Bg5 Qd6 12. Kh1 Bxc3 13. bxc3 cxd5 14. Qd2
Bg6 15. Rab1 Bxd3 16. Qxd3 Qe5 17. Bh4 Rab8 18. Bg3 Qe7 19. Rb3 Rb6 20. c4 Rd8
21. Re1 Qc5 22. cxd5 Qxd5 23. Bxc7 Qxd3 24. Rxd3 Rxd3 25. cxd3 Ra6 26. Re2 Ra3
27. Bb8 Rxd3 28. Bxa7 Rd1+ 29. Bg1 h6 30. h3 Ra1 31. Kh2 Nd5 32. Rd2 Nb4 33. Bc5
Nc6 34. Rd6 Na5 35. Bb4 Nc4 36. Ra6 Ne3 37. Kg3 Rb1 38. Bc5 Nd5 39. Ra3 Rc1 40.
Ba7 Rc2 41. Rd3 Rxa2 42. Bb8 Nf6 43. Be5 Kh7 44. Rd6 Kg6 45. h4 Ra5 46. Bc3 Rd5
47. Rc6 h5 48. Kf4 Rd3 49. Be5 Ra3 50. Bd4 Ra4 51. Ke3 Kf5 52. Rc5+ Kg6 53. Rg5+
Kh6 54. g4 hxg4 55. fxg4 Ne8 56. Rh5+ Kg6 57. Rd5 f6 58. Rd7 Ra3+ 59. Ke4 Ra4
60. Ke3 Ra3+ 61. Kf2 Ra4 62. Kf3 Ra3+ 63. Be3 Ra4 64. h5+ Kh7 65. Bf4 Ra3+ 66.
Kg2 Ra4 67. Kg3 Ra3+ 68. Kh4 Ra4 69. Kg3 Ra3+ 70. Kg2 Ra4 71. Kf3 Ra3+ 72. Be3
Ra6 73. Bc5 Re6 74. Kf4 Kg8 75. Bd4 Rd6 76. Rxd6 Nxd6 77. Bc5 Ne8 78. Kf5 Kf7
79. Bb4 Nc7 80. Ke4 Ne6 81. Bd2 Nc5+ 82. Kd5 Ne6 83. Be3 Nc7+ 84. Kc6 Ne6 85.
Kd6 Nf8 86. Kd5 Ne6 87. Bd2 Nf8 88. Bb4 Ne6 89. Bd6 Ng5 90. Bc7 g6 91. h6 Kg8
92. Bf4 Nf7 93. Ke6 g5 94. Be3 Nxh6 95. Kxf6 Nxg4+ 96. Kxg5 1/2-1/2

[Event "Titled Tue 1st Jul Late"]
[Site "chess.com INT"]
[Date "2025.07.01"]
[Round "4"]
[White "Tang, Zoey"]
[Black "Vazelakis, Dimitrios"]
[Result "1-0"]
[WhiteTitle "FM"]
[WhiteElo "2356"]
[BlackElo "1857"]
[WhiteFideId "30952530"]
[BlackFideId "4203674"]
[EventDate "2025.07.01"]

1. e4 Nf6 2. e5 Nd5 3. d4 d6 4. Nf3 dxe5 5. Nxe5 g6 6. Bc4 c6 7. O-O Bg7 8. Re1
O-O 9. Nd2 Be6 10. Ndf3 a5 11. a4 Nd7 12. c3 Nxe5 13. Nxe5 Nc7 14. Bxe6 Nxe6 15.
Qb3 Qd5 16. Qxb7 c5 17. Qxd5 1-0

[Event "Titled Tue 1st Jul Late"]
[Site "chess.com INT"]
[Date "2025.07.01"]
[Round "4"]
[White "Rabin, Evan"]
[Black "Terkiewicz, Bruno"]
[Result "0-1"]
[BlackTitle "CM"]
[WhiteElo "1945"]
[BlackElo "2183"]
[WhiteFideId "2028670"]
[BlackFideId "21093245"]
[EventDate "2025.07.01"]

1. e4 Nc6 2. d4 d5 3. exd5 Qxd5 4. Nf3 Bg4 5. Be2 O-O-O 6. c4 Qh5 7. d5 e6 8.
Nc3 Bb4 9. O-O Bxc3 10. bxc3 Ne5 11. h3 Nxf3+ 12. Bxf3 Bxf3 13. Qxf3 Qxf3 14.
gxf3 exd5 15. cxd5 Rxd5 16. Be3 Nf6 17. Rfd1 Rhd8 18. Rxd5 Nxd5 19. Bd4 f6 20.
Rd1 Nxc3 0-1

[Event "Titled Tue 1st Jul Late"]
[Site "chess.com INT"]
[Date "2025.07.01"]
[Round "4"]
[White "Vila Dupla, Aurelio"]
[Black "Nepomniachtchi, Ian"]
[Result "0-1"]
[WhiteTitle "FM"]
[BlackTitle "GM"]
[WhiteElo "2056"]
[BlackElo "2757"]
[WhiteFideId "2203383"]
[BlackFideId "4168119"]
[EventDate "2025.07.01"]

1. Nf3 Nc6 2. d4 d5 3. c4 Bg4 4. cxd5 Qxd5 5. Nc3 Qa5 6. d5 O-O-O 7. e4 e6 8.
Bd2 Bxf3 9. gxf3 Ne5 10. Nb5 Bb4 11. Nxa7+ Kb8 12. Nb5 Bxd2+ 13. Qxd2 Nxf3+ 0-1

[Event "Titled Tue 1st Jul Late"]
[Site "chess.com INT"]
[Date "2025.07.01"]
[Round "4"]
[White "Kislinsky, Alexey"]
[Black "Sindarov, Javokhir"]
[Result "0-1"]
[WhiteTitle "GM"]
[BlackTitle "GM"]
[WhiteElo "2341"]
[BlackElo "2710"]
[WhiteFideId "14108801"]
[BlackFideId "14205483"]
[EventDate "2025.07.01"]

1. d4 Nf6 2. c4 g6 3. Nf3 Bg7 4. Nc3 O-O 5. e4 d6 6. Be2 c5 7. d5 e6 8. O-O exd5
9. exd5 Bg4 10. h3 Bxf3 11. Bxf3 Nbd7 12. Be2 Re8 13. Qc2 a6 14. a4 Qa5 15. Bd2
Qc7 16. b3 Re7 17. Rfe1 Rae8 18. Bf1 Ne4 19. Rac1 Nxd2 20. Qxd2 Bh6 21. Rxe7
Bxd2 22. Rxe8+ Kg7 23. Rc2 Nf6 24. Re2 Bf4 25. Ne4 Be5 26. Nxf6 Bxf6 27. g3 Bd4
28. h4 Qb6 29. Re7 Qxb3 0-1

[Event "Titled Tue 1st Jul Late"]
[Site "chess.com INT"]
[Date "2025.07.01"]
[Round "4"]
[White "Colville, Julian"]
[Black "Hofstadler, Mario"]
[Result "1-0"]
[WhiteTitle "FM"]
[BlackTitle "CM"]
[WhiteElo "2268"]
[BlackElo "2172"]
[WhiteFideId "30963273"]
[BlackFideId "1660497"]
[EventDate "2025.07.01"]

1. e4 e5 2. f4 d5 3. exd5 exf4 4. Nf3 Nf6 5. Bb5+ Bd7 6. Bxd7+ Nbxd7 7. O-O Nb6
8. c4 Be7 9. d4 O-O 10. b3 Nh5 11. Ne5 g6 12. Kh1 Bg5 13. Nc3 Nd7 14. Ne4 Bh6
15. Nxd7 Qxd7 16. Qxh5 1-0

[Event "Titled Tue 1st Jul Late"]
[Site "chess.com INT"]
[Date "2025.07.01"]
[Round "4"]
[White "Naroditsky, Daniel"]
[Black "Labussiere, Victor"]
[Result "1-0"]
[WhiteTitle "GM"]
[BlackTitle "FM"]
[WhiteElo "2619"]
[BlackElo "2312"]
[WhiteFideId "2026961"]
[BlackFideId "2183129"]
[EventDate "2025.07.01"]

1. c4 g6 2. d4 Bg7 3. e4 d6 4. Nc3 Nf6 5. Be2 O-O 6. h4 c5 7. d5 h5 8. Nf3 e6 9.
Bg5 Qb6 10. O-O Re8 11. e5 dxe5 12. Qa4 Bd7 13. Qa3 exd5 14. Bxf6 Qxf6 15. Nxd5
Qc6 16. Ng5 e4 17. Rad1 Na6 18. Qg3 Rad8 19. Rfe1 Nb4 20. Bxh5 Nd3 21. Rxe4 Rxe4
22. Nxe4 Nxb2 23. Ne7+ 1-0

[Event "Titled Tue 1st Jul Late"]
[Site "chess.com INT"]
[Date "2025.07.01"]
[Round "4"]
[White "Ahmad, Al Khatib"]
[Black "Dauer, Andre Leonardo"]
[Result "1-0"]
[WhiteTitle "GM"]
[BlackTitle "CM"]
[WhiteElo "2172"]
[BlackElo "2138"]
[WhiteFideId "8103178"]
[BlackFideId "2126915"]
[EventDate "2025.07.01"]

1. d4 e6 2. Nc3 d5 3. Bf4 Bd6 4. e3 Nf6 5. Nf3 O-O 6. Bd3 Re8 7. Ne5 Nbd7 8. h4
Nf8 9. h5 N6d7 10. Qf3 f6 11. Ng4 Bb4 12. Qg3 c6 13. Nh6+ 1-0

[Event "Titled Tue 1st Jul Late"]
[Site "chess.com INT"]
[Date "2025.07.01"]
[Round "4"]
[White "Mafra, Kaiser Luiz"]
[Black "Radionov, Timur"]
[Result "0-1"]
[WhiteTitle "CM"]
[BlackTitle "FM"]
[WhiteElo "2076"]
[BlackElo "2200"]
[WhiteFideId "2106698"]
[BlackFideId "34178772"]
[EventDate "2025.07.01"]

1. d4 d5 2. Nc3 e6 3. Bf4 f5 4. e3 c6 5. Bd3 Bd6 6. Qf3 Nf6 7. Nh3 O-O 8. Qe2
Ne4 9. f3 Qh4+ 10. Kf1 Be7 11. Bxe4 fxe4 12. Bg3 Qh6 13. Kg1 exf3 14. gxf3 Qxh3 0-1

[Event "Titled Tue 1st Jul Late"]
[Site "chess.com INT"]
[Date "2025.07.01"]
[Round "4"]
[White "Vykouk, Jan"]
[Black "Stojanovski, Sandi"]
[Result "0-1"]
[WhiteTitle "IM"]
[BlackTitle "FM"]
[WhiteElo "2490"]
[BlackElo "2169"]
[WhiteFideId "349658"]
[BlackFideId "1403249"]
[EventDate "2025.07.01"]

1. e4 d6 2. d4 Nf6 3. Nc3 g6 4. Be3 Bg7 5. f3 O-O 6. Qd2 e5 7. O-O-O Nc6 8. d5
Nd4 9. Nge2 Nxe2+ 10. Bxe2 Nh5 11. g3 Bd7 12. Bd3 a6 13. Ne2 f5 14. exf5 gxf5
15. Rhg1 Kh8 16. g4 fxg4 17. fxg4 Nf4 18. Nxf4 exf4 19. Bxf4 Qf6 20. Rdf1 Qxb2+
21. Kd1 Rae8 22. Qc1 Qd4 23. h3 Bb5 24. Bh6 Bxd3 25. Bxg7+ Kxg7 26. cxd3 Qxd3+
27. Qd2 Rxf1+ 0-1

[Event "Titled Tue 1st Jul Late"]
[Site "chess.com INT"]
[Date "2025.07.01"]
[Round "4"]
[White "Reinecke, Katharina"]
[Black "Araujo Filho, Luiz Antonio Coel"]
[Result "0-1"]
[WhiteTitle "WCM"]
[WhiteElo "1921"]
[BlackElo "2077"]
[WhiteFideId "12929727"]
[BlackFideId "2130661"]
[EventDate "2025.07.01"]

1. d4 f5 2. Nf3 Nf6 3. c4 g6 4. g3 Bg7 5. Bg2 O-O 6. O-O d6 7. Nc3 Nc6 8. d5 Na5
9. Nd2 c5 10. dxc6 Nxc6 11. Nd5 Nxd5 12. cxd5 Ne5 13. Nf3 Nxf3+ 14. Bxf3 Bd7 15.
Bg5 Re8 16. Qb3 Rb8 17. Rac1 h6 18. Be3 b6 19. Rc2 Kh7 20. Rfc1 a5 21. Rc7 b5
22. Qc2 b4 23. b3 Bc3 24. Bd2 Qxc7 25. Bxc3 bxc3 0-1

[Event "Titled Tue 1st Jul Late"]
[Site "chess.com INT"]
[Date "2025.07.01"]
[Round "4"]
[White "Sailer, Mike"]
[Black "Pribelszky, Bence"]
[Result "0-1"]
[BlackTitle "IM"]
[WhiteElo "2108"]
[BlackElo "2396"]
[WhiteFideId "2012901"]
[BlackFideId "769738"]
[EventDate "2025.07.01"]

1. d4 d5 2. Nf3 Nf6 3. e3 e6 4. Bd3 c5 5. b3 Nc6 6. Bb2 cxd4 7. exd4 Nb4 8. Be2
Qc7 9. c3 Nc6 10. O-O Bd6 11. Bd3 O-O 12. Re1 e5 13. Nxe5 Nxe5 14. dxe5 Bxe5 15.
g3 Bg4 16. Be2 h5 17. Bxg4 Nxg4 18. Qxd5 Rad8 19. Qf3 f5 20. Na3 f4 21. Nb5 fxg3
22. Qxf8+ Rxf8 23. Nxc7 gxf2+ 24. Kg2 fxe1=Q 25. Rxe1 Rf2+ 26. Kg1 Bxh2+ 27. Kh1
Bxc7 28. Ba3 Rh2+ 29. Kg1 Bb6+ 30. Kf1 Rf2+ 31. Kg1 Rxa2+ 0-1

[Event "Titled Tue 1st Jul Late"]
[Site "chess.com INT"]
[Date "2025.07.01"]
[Round "4"]
[White "Lebedev, Artem S."]
[Black "Patel, Maahir M"]
[Result "1-0"]
[WhiteTitle "CM"]
[WhiteElo "2164"]
[BlackElo "2106"]
[WhiteFideId "34272747"]
[BlackFideId "30995612"]
[EventDate "2025.07.01"]

1. e4 e5 2. Nf3 Nc6 3. Nc3 Nf6 4. a4 Bb4 5. Nd5 Bc5 6. Bc4 O-O 7. O-O h6 8. c3
d6 9. Nxf6+ Qxf6 10. b4 Bb6 11. a5 Bg4 12. axb6 axb6 13. Rxa8 Rxa8 14. h3 Bh5
15. Be2 Ne7 16. d4 Ng6 17. g4 Bxg4 18. hxg4 Qe6 19. Ne1 exd4 20. Qxd4 Ra1 21.
Ng2 Qa2 22. Bf4 Rxf1+ 23. Bxf1 Qb1 24. Bg3 Qc1 25. Qe3 Qc2 1-0

[Event "Titled Tue 1st Jul Late"]
[Site "chess.com INT"]
[Date "2025.07.01"]
[Round "4"]
[White "Bogaudinov, Rushan"]
[Black "Montano Vicente, Guadalupe"]
[Result "1-0"]
[WhiteTitle "FM"]
[WhiteElo "1912"]
[BlackElo "1938"]
[WhiteFideId "4129288"]
[BlackFideId "5181399"]
[EventDate "2025.07.01"]

1. a3 g6 2. h4 Bg7 3. h5 gxh5 4. e4 Nf6 5. e5 Ng4 6. d4 d6 7. f4 dxe5 8. fxe5 c5
9. c3 cxd4 10. cxd4 Nc6 11. Bb5 Qb6 12. Nc3 Bd7 13. Nf3 Ncxe5 14. Nxe5 Bxe5 15.
Bxd7+ Kf8 16. Bxg4 Bg3+ 17. Kf1 hxg4 18. Qxg4 Qf6+ 19. Qf3 Qa6+ 20. Kg1 Rg8 21.
Rxh7 1-0

[Event "Titled Tue 1st Jul Late"]
[Site "chess.com INT"]
[Date "2025.07.01"]
[Round "4"]
[White "Aakash, G"]
[Black "Madaminov, Mukhiddin"]
[Result "1-0"]
[WhiteTitle "FM"]
[BlackTitle "GM"]
[WhiteElo "2123"]
[BlackElo "2536"]
[WhiteFideId "25644394"]
[BlackFideId "14210703"]
[EventDate "2025.07.01"]

1. d4 Nf6 2. Bf4 d5 3. e3 e6 4. Nc3 Bb4 5. Bd3 c5 6. dxc5 Bxc3+ 7. bxc3 Qa5 8.
Bd6 Nbd7 9. Ne2 Nxc5 10. O-O Qb6 11. Be5 Ncd7 12. Bd4 Qc7 13. f4 O-O 14. Ng3 b6
15. Nh5 Qd8 16. Nxg7 Kxg7 17. Qg4+ Kh8 18. Qh4 Kg8 19. Rf3 Re8 20. Qh6 1-0

[Event "Titled Tue 1st Jul Late"]
[Site "chess.com INT"]
[Date "2025.07.01"]
[Round "4"]
[White "Li, Xueyi"]
[Black "Garcia Correa, Jose Ricardo"]
[Result "0-1"]
[WhiteTitle "WGM"]
[BlackTitle "FM"]
[WhiteElo "2220"]
[BlackElo "2103"]
[WhiteFideId "8605912"]
[BlackFideId "5101832"]
[EventDate "2025.07.01"]

1. d4 Nf6 2. c4 e6 3. g3 d5 4. Bg2 Nbd7 5. Nf3 c6 6. O-O dxc4 7. Qc2 b5 8. a4
Bb7 9. Ne5 Nxe5 10. dxe5 Nd5 11. Nc3 a6 12. Rd1 Qc7 13. f4 Bc5+ 14. Kh1 h5 15.
e4 Nb4 16. Qe2 h4 17. g4 h3 18. Bf3 Nd3 19. b3 Nf2+ 20. Kg1 Nxd1+ 21. Kf1 Nxc3 0-1

[Event "Titled Tue 1st Jul Late"]
[Site "chess.com INT"]
[Date "2025.07.01"]
[Round "4"]
[White "Herpai, Jozsef Matyas"]
[Black "Li, Yilin"]
[Result "1-0"]
[WhiteTitle "CM"]
[BlackTitle "WFM"]
[WhiteElo "2056"]
[BlackElo "1922"]
[WhiteFideId "786179"]
[BlackFideId "8610410"]
[EventDate "2025.07.01"]

1. e4 c5 2. Nf3 a6 3. c3 d5 4. exd5 Qxd5 5. d4 e6 6. Be2 Nf6 7. O-O Nbd7 8. Be3
cxd4 9. cxd4 b5 10. Nc3 Qd6 11. Ne5 Nxe5 12. dxe5 Qxe5 13. Bf3 Rb8 14. g3 Bd7
15. Bf4 Qc5 16. Bxb8 Be7 17. Rc1 Qb6 18. Be5 h5 19. h4 Bc6 20. Bxc6+ Qxc6 21.
Nxb5 Qb7 22. Nd6+ Bxd6 23. Qxd6 Nd7 24. Rc7 1-0

[Event "Titled Tue 1st Jul Late"]
[Site "chess.com INT"]
[Date "2025.07.01"]
[Round "4"]
[White "Santos, Antonio P"]
[Black "Budzisz, Adrian"]
[Result "0-1"]
[WhiteTitle "FM"]
[BlackTitle "CM"]
[WhiteElo "2165"]
[BlackElo "2100"]
[WhiteFideId "1900161"]
[BlackFideId "21860238"]
[EventDate "2025.07.01"]

1. d4 Nf6 2. c4 e6 3. Nf3 Bb4+ 4. Nbd2 d5 5. a3 Bd6 6. Qc2 O-O 7. e4 dxe4 8.
Nxe4 Nxe4 9. Qxe4 c5 10. Bd3 f5 11. Qe2 Nc6 12. dxc5 Bxc5 13. O-O Re8 14. Rd1
Qf6 15. Bg5 Qg6 16. b4 Nd4 17. Nxd4 Bxd4 18. Be3 Bxa1 19. Rxa1 e5 20. c5 Be6 21.
Bc4 f4 22. Bd2 Rad8 23. Bc3 f3 24. Bxe6+ Rxe6 25. Qxf3 Rd3 26. Qxb7 Rxc3 27.
Qa8+ Qe8 28. Qd5 Kh8 0-1

[Event "Titled Tue 1st Jul Late"]
[Site "chess.com INT"]
[Date "2025.07.01"]
[Round "4"]
[White "Mulawa, Cyprian"]
[Black "Perossa, Nicolas"]
[Result "1-0"]
[WhiteTitle "FM"]
[BlackTitle "FM"]
[WhiteElo "2324"]
[BlackElo "2286"]
[WhiteFideId "21001855"]
[BlackFideId "2850520"]
[EventDate "2025.07.01"]

1. e4 e5 2. Nf3 Nc6 3. d4 exd4 4. Nxd4 Nf6 5. Nxc6 bxc6 6. e5 Qe7 7. Qe2 Nd5 8.
g3 d6 9. c4 Nb6 10. Bg2 Bd7 11. O-O Qxe5 12. Qd1 O-O-O 13. Re1 Qf5 14. Nc3 Qg4
15. Qc2 Qxc4 16. Be3 g6 17. b3 Qb4 18. a3 Qa5 19. b4 Qh5 20. b5 cxb5 21. Bxb6
axb6 22. Nd5 c6 23. Nxb6+ Kc7 24. Nxd7 d5 25. Ne5 c5 26. Nxf7 1-0